Statystyki dla Geografia quiz #48 - Stany w USA

Kliknij tutaj aby rozwiązać quiz!

Ogólne statystyki

  • Ten quiz został rozwiązany 32 razy
  • Średni wynik to 34 z 50

Statystyki odpowiedzi

Stan% Poprawnych
Floryda
93%
Kalifornia
93%
Alaska
89%
Teksas
89%
Waszyngton
89%
Nowy Jork
86%
Arizona
82%
Dakota Północna
82%
Dakota Południowa
82%
Alabama
79%
Hawaje
79%
Iowa
79%
Karolina Północna
79%
Ohio
79%
Illinois
75%
Karolina Południowa
75%
Arkansas
71%
Idaho
71%
Kansas
71%
Kolorado
71%
Nowy Meksyk
71%
Pensylwania
71%
Utah
71%
Wirginia
71%
Connecticut
68%
Georgia
68%
Missisipi
68%
Oklahoma
68%
Kentucky
64%
Missouri
64%
Nevada
64%
Maine
61%
Massachusetts
61%
Minnesota
61%
Nebraska
61%
New Jersey
61%
Rhode Island
61%
Vermont
61%
Wirginia Zachodnia
61%
Wyoming
61%
Delaware
57%
Luizjana
57%
Oregon
57%
Indiana
54%
Michigan
54%
Montana
54%
Tennessee
50%
Wisconsin
50%
Maryland
46%
New Hampshire
43%

Rozkład punktacji

Percentyl według liczby udzielonych odpowiedzi

Procent ludzi z każdym wynikiem

Twoja historia wyników

Nie rozwiązałeś tego quizu